[Event "AUTO-OPEN-4522"]
[Site "http://www.queenalice.com/game.php?id=1843297"]
[Date "2024.9.7"]
[Round "2"]
[White "SGF"]
[Black "pariolinius"]
[Result "0-1"]
[WhiteElo "1818"]
[BlackElo "2111"]

1. e4 d5 2. exd5 Nf6 3. Bb5+ Nbd7 4. Qf3 g6 5. d4 Bg7 6. h4 a6 7. Bxd7+ Qxd7 8.
Nc3 Qg4 9. Qxg4 Nxg4 10. Nge2 O-O 11. Bf4 Bf5 12. f3 Nf6 13. Rc1 Rad8 14. Bxc7
Rd7 15. Be5 Nxd5 16. Nxd5 Rxd5 17. Nf4 Rb5 18. b3 Bxe5 19. dxe5 Rxe5+ 20. Ne2
Rc8 21. c4 Bd3 22. O-O Rxe2 23. Rf2 Rxf2 24. Kxf2 f5 25. g4 f4 26. h5 g5 27. Ke1
e5 28. Kd2 Rd8 29. Ke1 e4 30. fxe4 Bxe4 31. Rd1 Rxd1+ 32. Kxd1 Bf3+ 33. Kd2 Bxg4
34. Kd3 Bxh5 35. Ke4 Kg7 36. b4 Kf6 37. a4 f3 38. Ke3 g4 39. Kf2 Kf5 40. b5 a5
41. c5 Kf4 42. c6 g3+ 43. Kg1 f2+ 44. Kf1 Kf3 45. cxb7 g2# 0-1

[Event "AUTO-OPEN-4522"]
[Site "http://www.queenalice.com/game.php?id=1843298"]
[Date "2024.9.7"]
[Round "2"]
[White "pariolinius"]
[Black "SGF"]
[Result "1-0"]
[WhiteElo "2111"]
[BlackElo "1827"]

1. Nf3 f6 2. g3 e5 3. e4 c5 4. Bg2 g5 5. d3 Qa5+ 6. Nc3 b6 7. Bd2 h5 8. Nd5 Qa4
9. Nc7+ Kd8 10. Nxa8 Qc6 11. Nxb6 Qxb6 12. Bc3 g4 13. Nh4 Ne7 14. Nf5 Nxf5 15.
exf5 d6 16. O-O Bxf5 17. Qd2 Bh6 18. Qe1 Nc6 19. Qd1 Kd7 20. Rb1 a5 21. Bd2 Nd4
22. Bxh6 Rxh6 23. Qd2 h4 24. Qxh6 h3 25. Qg7+ Ke6 26. Qg8+ Kd7 27. Qf7+ Kc8 28.
Qe8+ Qd8 29. Qxd8+ Kxd8 30. Be4 Bxe4 31. dxe4 Nf3+ 32. Kh1 Nd2 33. Rfd1 Nxb1 34.
Rxb1 Kc7 35. c4 Kb6 36. Rd1 Kc6 37. Rd3 Kc7 38. Rb3 Kd7 39. Rb5 a4 40. Ra5 Ke6
41. Rxa4 f5 42. exf5+ Kxf5 43. Ra6 Ke6 44. a4 e4 45. Rb6 Ke5 46. a5 Kd4 47. b3
Ke5 48. a6 Kd4 49. a7 e3 50. fxe3+ Kxe3 51. a8=Q Kd4 52. Qd5+ Kc3 53. Qxd6 Kb2
54. Qd2+ Kb1 55. Re6 Ka1 56. Re1# 1-0

[Event "AUTO-OPEN-4522"]
[Site "http://www.queenalice.com/game.php?id=1843303"]
[Date "2024.9.7"]
[Round "2"]
[White "pariolinius"]
[Black "josebaron"]
[Result "1/2-1/2"]
[WhiteElo "1984"]
[BlackElo "2220"]

1. e4 e5 2. Nf3 Nc6 3. Bc4 Bc5 4. O-O Nf6 5. d3 O-O 6. Nbd2 d5 7. Bb3 dxe4 8.
Nxe4 Nxe4 9. dxe4 h6 10. Qe2 Bg4 11. Be3 Bxe3 12. Qxe3 Bxf3 13. Qxf3 Nd4 14. Qe3
Nxb3 15. Qxb3 b6 16. Rad1 Qe7 17. Rd5 Rfd8 18. Rfd1 Rxd5 19. Qxd5 Re8 20. a3 a5
21. Qd7 Kf8 22. Qf5 g6 23. Qd7 h5 1/2-1/2

[Event "AUTO-OPEN-4522"]
[Site "http://www.queenalice.com/game.php?id=1843304"]
[Date "2024.9.7"]
[Round "2"]
[White "josebaron"]
[Black "pariolinius"]
[Result "1-0"]
[WhiteElo "2215"]
[BlackElo "1991"]

1. e4 d6 2. Nf3 e5 3. d4 exd4 4. Nxd4 Nf6 5. Bg5 Be7 6. Bxf6 Bxf6 7. c3 O-O 8.
Bc4 Bd7 9. O-O Nc6 10. Nxc6 Bxc6 11. Re1 Qd7 12. Nd2 Bg5 13. Nf3 Bh6 14. Bd5
Rae8 15. Bxc6 Qxc6 16. Nd4 Qd7 17. Nf5 Bg5 18. a4 Re5 19. Qg4 h6 20. Nxh6+ 1-0

[Event "Challenge"]
[Site "http://www.queenalice.com/game.php?id=1847245"]
[Date "2024.11.14"]
[Round "-"]
[White "madeira39"]
[Black "pariolinius"]
[Result "1/2-1/2"]
[WhiteElo "1907"]
[BlackElo "2089"]

1. e4 c5 2. Bc4 Nc6 3. Nf3 d6 4. Bxf7+ Kxf7 5. Ng5+ Ke8 6. c3 e5 7. d3 Nf6 8. h3
Be7 9. Qb3 d5 10. Nd2 h6 11. Ngf3 b6 12. Qa4 Bd7 13. exd5 1/2-1/2

[Event "AUTO-OPEN-4561"]
[Site "http://www.queenalice.com/game.php?id=1847799"]
[Date "2024.11.26"]
[Round "1"]
[White "mvson33"]
[Black "pariolinius"]
[Result "1-0"]
[WhiteElo "1746"]
[BlackElo "2031"]

1. c4 Nf6 2. g3 e6 3. Bg2 g6 4. Nf3 Bg7 5. O-O O-O 6. Nc3 d5 7. cxd5 exd5 8. d4
Nc6 9. Bg5 Ne7 10. Qc2 c6 11. Rac1 Bf5 12. Qd1 Qc7 13. Ne5 h6 14. Bd2 Nd7 15.
Nxd7 Qxd7 16. e3 Bd3 17. Re1 Nf5 18. Ne2 Nd6 19. Bc3 Be4 20. Nf4 Bxg2 21. Kxg2
Ne4 22. Qc2 Nxc3 23. Qxc3 Bf6 24. Ne2 Rac8 25. Nf4 Qg4 26. Qc2 Kg7 27. Qd3 g5
28. Ne2 Qe4+ 29. Qxe4 dxe4 30. Nc3 Rfe8 31. Na4 Be7 32. Nc5 f5 33. Nxb7 Rc7 34.
Nc5 Kf7 35. Na6 Rcc8 36. Nc5 Bxc5 37. Rxc5 Ke7 38. Rec1 f4 39. gxf4 g4 40. Rxc6
Rxc6 41. Rxc6 Rh8 42. Rc7+ Kd6 43. Rxa7 Rc8 44. Ra6+ Kd5 45. Rxh6 Rc2 46. Rb6
Kc4 47. f5 Kd3 48. f6 Rc8 49. f7 Rf8 50. Rb7 Kc4 51. a4 Kd5 52. a5 Kc6 53. a6
Ra8 54. Kg3 Kd6 55. a7 Kc6 56. Rb8 1-0

[Event "AUTO-OPEN-4561"]
[Site "http://www.queenalice.com/game.php?id=1847800"]
[Date "2024.11.26"]
[Round "1"]
[White "pariolinius"]
[Black "mvson33"]
[Result "1-0"]
[WhiteElo "2034"]
[BlackElo "1887"]

1. c4 e5 2. Nc3 Nf6 3. Nf3 Bc5 4. Nxe5 d6 5. Nf3 O-O 6. e3 Nc6 7. d4 Bb6 8. Bd3
Bg4 9. Be2 Re8 10. O-O a6 11. b3 Qe7 12. Qc2 Rac8 13. Bb2 Ne4 14. Nxe4 Bf5 15.
Nfd2 Rcd8 16. Qc3 f6 17. c5 dxc5 18. dxc5 Ba7 19. Ng3 Bg6 20. b4 Qd7 21. Nc4 Qf7
22. Rad1 Rxd1 23. Rxd1 Ne5 24. Nxe5 fxe5 25. Bc4 1-0

[Event "AUTO-OPEN-4561"]
[Site "http://www.queenalice.com/game.php?id=1847823"]
[Date "2024.11.26"]
[Round "1"]
[White "pariolinius"]
[Black "SAMOEL"]
[Result "0-1"]
[WhiteElo "2052"]
[BlackElo "2008"]

1. c4 e5 2. Nc3 Nf6 3. Nf3 Bc5 4. e3 a6 5. b3 O-O 6. Be2 Re8 7. O-O h6 8. Bb2 c6
9. Qc2 e4 10. Nd4 d5 11. Na4 Ba7 12. c5 Nbd7 13. b4 Bb8 14. Nb6 Nxb6 15. cxb6
Qxb6 16. a3 Qc7 17. Rac1 Qxh2# 0-1

[Event "AUTO-OPEN-4561"]
[Site "http://www.queenalice.com/game.php?id=1847824"]
[Date "2024.11.26"]
[Round "1"]
[White "SAMOEL"]
[Black "pariolinius"]
[Result "1-0"]
[WhiteElo "2049"]
[BlackElo "2041"]

1. e4 c5 2. Nf3 Nc6 3. Bc4 e6 4. d4 cxd4 5. Nxd4 Nf6 6. Nxc6 bxc6 7. Nc3 d5 8.
exd5 cxd5 9. Bd3 Bb4 10. Bd2 O-O 11. a3 Bd6 12. O-O e5 13. Bg5 Be7 14. Qe1 e4
15. Bb5 a6 16. Ba4 Qc7 17. Rd1 Qd6 18. Bxf6 Bxf6 19. Rxd5 Qb8 20. Bb3 Be6 21.
Rh5 Bxb3 22. cxb3 Re8 23. Nxe4 Bxb2 24. a4 Qf4 25. f3 Bd4+ 26. Kh1 Rab8 27. Rh4
Qe3 28. Qg3 Qe2 29. Re1 Qb2 30. Qh3 h6 31. Qg3 Re6 32. Qxb8+ 1-0

[Event "AUTO-OPEN-4561"]
[Site "http://www.queenalice.com/game.php?id=1847825"]
[Date "2024.11.26"]
[Round "1"]
[White "pariolinius"]
[Black "dosoldini"]
[Result "0-1"]
[WhiteElo "2038"]
[BlackElo "1522"]

1. e4 e5 2. Nf3 Nc6 3. Bc4 Nge7 4. Ng5 d5 5. exd5 Nxd5 6. d3 Nd4 7. O-O Be6 8.
Re1 Qd6 9. Ne4 Qe7 10. Nbc3 Nxc3 11. Nxc3 Bxc4 12. dxc4 g6 13. f4 Bg7 14. Nd5
Qc5 15. Qd3 Nxc2+ 16. Be3 Nxe1 17. Bxc5 Nxd3 18. Nxc7+ Kd7 19. Nxa8 Rxa8 20. Rd1
Kc6 21. Ba3 e4 22. b3 Bd4+ 23. Kf1 Rd8 24. b4 a6 25. g3 Nf2 26. Re1 Re8 27. Bc1
e3 28. Ke2 Bc3 29. Rf1 Ng4 30. h3 Nf6 31. Bxe3 Ne4 32. Kf3 Bxb4 33. Rb1 Bd2 34.
Rb6+ Kc7 35. Rb2 Be1 36. g4 Ba5 37. f5 g5 38. Re2 Kc6 39. Bc1 Nf6 40. Bxg5 Bc3
41. Bxf6 Rxe2 42. Kxe2 Bxf6 43. Kf3 Kc5 44. Kg3 Kxc4 45. Kf4 b5 46. g5 Be7 47.
Kg4 a5 48. h4 a4 49. h5 Bf8 50. Kf3 b4 51. Ke3 Kc3 52. g6 hxg6 0-1

[Event "AUTO-OPEN-4561"]
[Site "http://www.queenalice.com/game.php?id=1847826"]
[Date "2024.11.26"]
[Round "1"]
[White "dosoldini"]
[Black "pariolinius"]
[Result "1-0"]
[WhiteElo "1455"]
[BlackElo "2082"]

1. e4 e6 2. Nf3 d5 3. Bd3 dxe4 4. Bxe4 Nf6 5. Nc3 Bb4 6. Qe2 Bxc3 7. dxc3 Nxe4
8. Qxe4 Nd7 9. Be3 Nf6 10. Qf4 Qd6 11. Ne5 O-O 12. h3 b6 13. Rd1 Qc6 14. Nxc6
1-0

[Event "AUTO-OPEN-4535"]
[Site "http://www.queenalice.com/game.php?id=1848251"]
[Date "2024.12.4"]
[Round "2"]
[White "josebaron"]
[Black "pariolinius"]
[Result "1/2-1/2"]
[WhiteElo "2219"]
[BlackElo "2034"]

1. e4 c6 2. Nf3 d5 3. exd5 cxd5 4. d4 Nf6 5. Bb5+ Nbd7 6. Bxd7+ Bxd7 7. O-O e6
8. Re1 Be7 9. Nc3 O-O 10. a4 Bb4 11. Bd2 a6 12. Ne5 Bxc3 13. Bxc3 Rc8 14. Nxd7
Qxd7 15. a5 Ne4 16. Qd3 Nxc3 17. bxc3 Qc6 18. Ra3 Qd6 19. Rb3 Qc7 20. Ra1 Rb8
21. Rb6 Rfc8 22. Ra3 Qf4 23. Qe3 Qf5 24. Qd3 Qf4 25. Qe3 Qf5 26. Qd3 Qf4 1/2-1/2

[Event "AUTO-OPEN-4535"]
[Site "http://www.queenalice.com/game.php?id=1848252"]
[Date "2024.12.4"]
[Round "2"]
[White "pariolinius"]
[Black "josebaron"]
[Result "0-1"]
[WhiteElo "2044"]
[BlackElo "2206"]

1. d4 d5 2. Bf4 Nf6 3. Nf3 Bg4 4. Nbd2 e6 5. e3 Bd6 6. Be2 Bxf3 7. Bxf3 O-O 8.
Bg5 h6 9. Bh4 Nbd7 10. O-O Re8 11. c4 c6 12. c5 Bc7 13. Be2 a5 14. Nf3 Qc8 15.
Rb1 e5 16. Bg3 Ne4 17. dxe5 Ndxc5 18. Qd4 Nxg3 19. fxg3 Nd7 20. Rbc1 Nxe5 21.
Qf4 Nxf3+ 22. Qxf3 Qe6 23. Rf2 Bb6 0-1

[Event "AUTO-OPEN-4569"]
[Site "http://www.queenalice.com/game.php?id=1850134"]
[Date "2025.1.10"]
[Round "1"]
[White "Capixaba789"]
[Black "pariolinius"]
[Result "0-1"]
[WhiteElo "1871"]
[BlackElo "2008"]

1. e4 e6 2. e5 d5 3. d4 c5 4. c3 Nc6 5. f4 Qb6 6. Nf3 Bd7 7. Be2 Rc8 8. Nbd2 Nh6
9. Nb3 Nf5 10. Rb1 cxd4 11. cxd4 Nb4 12. Bd2 Nxa2 13. Ba5 Bb4+ 14. Bxb4 Nxb4 15.
Nc5 Nxd4 16. Nxd7 Kxd7 17. Nxd4 Qxd4 18. Qa4+ Ke7 0-1

[Event "AUTO-OPEN-4569"]
[Site "http://www.queenalice.com/game.php?id=1850135"]
[Date "2025.1.10"]
[Round "1"]
[White "pariolinius"]
[Black "Capixaba789"]
[Result "1-0"]
[WhiteElo "2019"]
[BlackElo "1851"]

1. d4 e5 2. e4 exd4 3. Qxd4 Nc6 4. Qe3 d6 5. Nc3 Nf6 6. Bd2 Be7 7. O-O-O Be6 8.
f3 O-O 9. g4 Ne5 10. g5 Nfd7 11. f4 Bg4 12. Be2 Bxe2 13. Ngxe2 Nc4 14. Qd4 Nxd2
15. Qxd2 Nc5 16. h4 a6 17. Nd5 Nxe4 18. Qe3 Nc5 19. Nec3 b5 20. Nxe7+ Kh8 21.
Nf5 b4 22. Nd5 Ne6 23. h5 1-0

[Event "AUTO-OPEN-4569"]
[Site "http://www.queenalice.com/game.php?id=1850160"]
[Date "2025.1.10"]
[Round "1"]
[White "josebaron"]
[Black "pariolinius"]
[Result "1-0"]
[WhiteElo "2200"]
[BlackElo "2028"]

1. e4 e6 2. Nf3 d5 3. exd5 exd5 4. d4 Nc6 5. Bb5 Bd6 6. Bxc6+ bxc6 7. O-O Nf6 8.
Re1+ Be6 9. Bg5 Be7 10. Bxf6 Bxf6 11. c3 O-O 12. Nbd2 Rb8 13. b4 Qd7 14. a4 Rfe8
15. Nb3 Be7 16. Ne5 Qd6 17. Nc5 Bf5 18. Qf3 Bg6 19. Re2 Qf6 20. Rae1 Qxf3 21.
Nxf3 Kf8 22. Nd7+ 1-0

[Event "AUTO-OPEN-4569"]
[Site "http://www.queenalice.com/game.php?id=1850161"]
[Date "2025.1.10"]
[Round "1"]
[White "pariolinius"]
[Black "josebaron"]
[Result "0-1"]
[WhiteElo "2036"]
[BlackElo "2203"]

1. d4 d5 2. c4 dxc4 3. Nf3 Nf6 4. Nc3 Bg4 5. Ne5 Be6 6. e4 Nbd7 7. Nxc4 Bxc4 8.
Bxc4 e5 9. Qb3 Bd6 10. Bxf7+ Kf8 11. Be3 exd4 12. Bxd4 Qe7 13. Qxb7 Rb8 14. Qxa7
Kxf7 15. O-O Ra8 16. Qb7 Rhb8 17. Qc6 Ne5 18. Bxe5 Bxe5 19. f4 Bxc3 20. bxc3
Nxe4 21. Rfe1 Qc5+ 22. Qxc5 Nxc5 23. Rab1 Rxb1 24. Rxb1 Rxa2 25. Rd1 Rc2 26. g3
Rxc3 0-1

[Event "AUTO-OPEN-4569"]
[Site "http://www.queenalice.com/game.php?id=1850178"]
[Date "2025.1.10"]
[Round "1"]
[White "pariolinius"]
[Black "Pipo712"]
[Result "1-0"]
[WhiteElo "2019"]
[BlackElo "2038"]

1. d4 Nf6 2. c4 g6 3. Nc3 d5 4. cxd5 Nxd5 5. e4 Nxc3 6. bxc3 Bg7 7. Nf3 c5 8.
Rb1 Nc6 9. Bb5 cxd4 10. cxd4 O-O 11. d5 Ne5 12. Nxe5 Bxe5 13. O-O a6 14. Be2 Qa5
15. Qb3 e6 16. Ba3 Re8 17. d6 b5 18. Rfd1 Bd7 19. Qb4 Qb6 20. Qc5 Rab8 21. Qxe5
Qa5 22. Bb2 1-0

[Event "AUTO-OPEN-4569"]
[Site "http://www.queenalice.com/game.php?id=1850179"]
[Date "2025.1.10"]
[Round "1"]
[White "Pipo712"]
[Black "pariolinius"]
[Result "0-1"]
[WhiteElo "1962"]
[BlackElo "2025"]

1. e4 e6 2. d4 d5 3. e5 b6 4. Nc3 c5 5. Be3 Nc6 6. Bb5 Bd7 7. Bxc6 Bxc6 8. Nge2
Ne7 9. dxc5 Nf5 10. Nd4 Nxd4 11. Bxd4 bxc5 0-1

[Event "AUTO-OPEN-4576"]
[Site "http://www.queenalice.com/game.php?id=1852218"]
[Date "2025.2.15"]
[Round "1"]
[White "dave_j"]
[Black "pariolinius"]
[Result "0-1"]
[WhiteElo "1940"]
[BlackElo "2004"]

1. e4 e6 2. Nf3 d5 3. e5 c5 4. d4 Nc6 5. Be3 Bd7 6. Nc3 Nge7 7. Bf4 Nf5 8. Nb5
cxd4 9. Nfxd4 Ncxd4 10. Nxd4 Nxd4 11. Qxd4 a6 12. Bd3 Rc8 13. Bg3 Bc5 14. Qg4 g6
15. O-O h5 16. Qe2 Qb6 17. c3 h4 18. Bf4 Be7 19. Be3 Bc5 20. Bxc5 Qxc5 21. Rac1
Qe7 22. Qg4 Bb5 23. Bxb5+ axb5 24. Qb4 Qxb4 25. cxb4 Kd7 26. Rc5 Rxc5 27. bxc5
Kc6 28. b4 d4 29. f4 Rd8 30. Rd1 Kd5 0-1

[Event "AUTO-OPEN-4576"]
[Site "http://www.queenalice.com/game.php?id=1852219"]
[Date "2025.2.15"]
[Round "1"]
[White "pariolinius"]
[Black "dave_j"]
[Result "0-1"]
[WhiteElo "2017"]
[BlackElo "1931"]

1. d4 d5 2. c4 e6 3. Nc3 Bb4 4. Nf3 Nf6 5. Bg5 Bxc3+ 6. bxc3 h6 7. Bh4 c6 8. e3
Qa5 9. Qc2 Ne4 10. Rc1 g5 11. Bg3 Nxg3 12. hxg3 Nd7 13. Nxg5 Nf6 14. f3 Bd7 15.
c5 Ke7 16. Nh3 Qc7 17. Kf2 Rag8 18. Nf4 b5 19. a4 e5 20. Nh5 Nxh5 21. Rxh5 e4
22. f4 a6 23. Rb1 Kd8 24. axb5 axb5 25. Ra1 Ke7 26. Be2 Bg4 27. Bxg4 Rxg4 28.
Qe2 Qd7 29. Re5+ Kf6 30. Ra6 Rhg8 31. Qxb5 Rc8 32. Qb6 Rc7 33. Ra1 Rb7 34. Qa6
Rb2+ 35. Kg1 Rxg3 36. Qa7 Qh3 37. Qe7+ Kg7 0-1

[Event "AUTO-OPEN-4584"]
[Site "http://www.queenalice.com/game.php?id=1854603"]
[Date "2025.3.27"]
[Round "1"]
[White "rmvwoods"]
[Black "pariolinius"]
[Result "1-0"]
[WhiteElo "2139"]
[BlackElo "2000"]

1. e4 e6 2. d4 d5 3. Nc3 Nf6 4. e5 Nfd7 5. f4 c5 6. Nf3 Nc6 7. Be3 a6 8. Be2 Qb6
9. O-O Qxb2 10. Qd2 Qb6 11. Rab1 Qc7 12. Nh4 Be7 13. Nf3 f6 14. exf6 Bxf6 15.
dxc5 O-O 16. Na4 Be7 17. Qc3 Bf6 18. Qa3 e5 19. Qb3 Ne7 20. Nb6 Nxb6 21. cxb6
Qc6 22. fxe5 1-0